Statistiques concernant Pays écrits avec le clavier numérique du téléphone n°2

Cliquez ici pour prendre le quiz!

Statistiques générales

  • Ce quiz a été pris 9 fois
  • Le résultat moyen est 2 sur 20

Statistiques - réponses

CodePays% Correct
226232Canada
83%
5292547826Kazakhstan
33%
5267Laos
33%
273745Brésil
17%
482543Italie
17%
52766Japon
17%
76788425Portugal
17%
72827Qatar
17%
2543743Algérie
0%
274368463Argentine
0%
287872543Australie
0%
23544783Belgique
0%
4664743Hongrie
0%
4752633Islande
0%
53692Kenya
0%
62583Malte
0%
642272482Nicaragua
0%
64437Niger
0%
725267Palaos
0%
726262Panama
0%

Distribution des résultats

Percentile par nombre de réponses

% des personnes avec chaque résultat

Votre développement - résultats

Vous n’avez pas pris ce quiz